Stolice świata, które leżą przy granicy - Statystyki

Ogólne statystyki
  • Ten quiz został rozwiązany 94 razy
  • Średni wynik to 7 z 13
Statystyki odpowiedzi
Kontynent Stolica % Poprawnych
Europa Bratysława
92%
Europa Watykan
86%
Europa Monako
68%
Ameryka Płd. Asunción
57%
Europa Rzym
57%
Europa Vaduz
57%
Afryka Kinszasa
51%
Afryka Brazzaville
46%
Azja Wientian
45%
Afryka Ndżamena
36%
Afryka Lomé
32%
Afryka Maseru
31%
Afryka Bangi
28%
Nie znaleziono quizów pasujących do podanych kryteriów
Rozkład punktacji
Procent ludzi z każdym wynikiem
Percentyl według liczby udzielonych odpowiedzi
Twoja historia wyników
Nie rozwiązałeś tego quizu